Modelos macroeconómicos para los países en desarrollo (Registro nro. 4079)
[ vista simple ]
| 000 -LEADER | |
|---|---|
| fixed length control field | 01729 a2200241 4500 |
| 001 - CONTROL NUMBER | |
| control field | 45950 |
| 005 - DATE AND TIME OF LATEST TRANSACTION | |
| control field | 20260407155732.0 |
| 008 - FIXED-LENGTH DATA ELEMENTS--GENERAL INFORMATION | |
| fixed length control field | 260407a1986 arg spa d |
| 003 - CONTROL NUMBER IDENTIFIER | |
| control field | AR-UNSa-BCEJYS |
| 040 ## - CATALOGING SOURCE | |
| Original cataloging agency | AR-UNSa-BCEJYS |
| Language of cataloging | spa |
| Transcribing agency | AR-UNSa-BCEJYS |
| 080 ## - UNIVERSAL DECIMAL CLASSIFICATION NUMBER | |
| Universal Decimal Classification number | 338.2 |
| Common auxiliary subdivision | Política económica. Control de la economía. Gestión de la economía. Planificación económica |
| 020 ## - INTERNATIONAL STANDARD BOOK NUMBER | |
| International Standard Book Number | 968-16-2404-1 |
| 041 ## - LANGUAGE CODE | |
| Language code of text/sound track or separate title | spa |
| 100 1# - MAIN ENTRY--PERSONAL NAME | |
| Personal name | Suárez, Eduardo L. |
| 245 10 - TITLE STATEMENT | |
| Title | Modelos macroeconómicos para los países en desarrollo |
| 264 #1 - PRODUCTION, PUBLICATION, DISTRIBUTION, MANUFACTURE, AND COPYRIGHT NOTICE | |
| Place of production, publication, distribution, manufacture | México : |
| Name of producer, publisher, distributor, manufacturer | Fondo de Cultura Económica |
| Date of production, publication, distribution, manufacture, or copyright notice | 1986 |
| 300 ## - PHYSICAL DESCRIPTION | |
| Extent | 358 p. |
| Dimensions | 23 cm. |
| 505 ## - FORMATTED CONTENTS NOTE | |
| Formatted contents note | 1. Introducción y resumen – 2. Las cifras de la planeación nacional – 3. Proyecciones coherentes a corto plazo con el uso de datos rudimentarios – 4. Cambios de precios, efectos de ingreso y sorpresas de la política económica a corto plazo – 5. El margen de beneficio, los cambios inflacionarios de los precios y la distribución macroeconómica a corto plazo – 6. Modelos sencillos para planes a mediano plazo – 7. Dos modelos de planeación de precios flexibles en acción – 8. Dos modelos de desequilibrio con precios fijos – 9. Tres modelos con dinero y crédito, inflación y crecimiento – 10. Los modelos clásicos de distribución funcional del ingreso y el crecimiento de la producción – 11. La agricultura y la industria – 12. Cálculos de cantidades y precios por el insumo-producto – 13. Los precios de sombra y la evaluación de los proyectos de inversión - |
| 590 ## - LOCAL NOTE (RLIN) | |
| Local note | niveau_biblio:m niveau_hierar:0 |
| 700 1# - ADDED ENTRY--PERSONAL NAME | |
| Personal name | Taylor, Lance |
| 856 41 - ELECTRONIC LOCATION AND ACCESS | |
| Uniform Resource Identifier | <a href="https://www.biblioeco.unsa.edu.ar/pmb/images/libros/L127237.jpg">https://www.biblioeco.unsa.edu.ar/pmb/images/libros/L127237.jpg</a> |
| Link text | Imagen de portada |
| Electronic format type | image/jpeg |
| 942 ## - ADDED ENTRY ELEMENTS (KOHA) | |
| Koha item type | |
| Withdrawn status | Lost status | Damaged status | Not for loan | Home library | Current library | Shelving location | Date acquired | Total checkouts | Full call number | Barcode | Date last seen | Price effective from | Koha item type |
|---|---|---|---|---|---|---|---|---|---|---|---|---|---|
| Biblioteca Prof. Eusebio Cleto del Rey | Biblioteca Prof. Eusebio Cleto del Rey | 07/04/2026 | 338.2 T236 | L127237 | 07/04/2026 | 07/04/2026 | Libro | ||||||
| Biblioteca Prof. Eusebio Cleto del Rey | Biblioteca Prof. Eusebio Cleto del Rey | 07/04/2026 | 338.2 T236 | L127392 | 07/04/2026 | 07/04/2026 | Libro |